000 00333 a2200133 4500
040 _aDLC
_bDLC
082 _a891.4391
100 _aTufail Bismil.
245 _aDil Deepak Hay
_cTufail Bismil
260 _aKarachi :
_bRoyal Book Company,
_c1989.
300 _a114 p. ;
_c22 cm.
650 _aUrdu Adab.
942 _cBK
_k891.4391 TAF
_2ddc
999 _c5155
_d5155